000 01164nam a2200289 i 4500
001 171387
003 ES-MaACL
005 20250808062805.0
008 090513s1971 sp |||| | spa d
017 _aM 11375-1971
245 0 0 _aReglas monásticas de la España Visigoda ;
_bLos tres libros de las "Sentencias" /
_cSan Leandro, San Isidoro, San Fructuoso ; introducciones, versión y notas de Julio Campos Ruiz, Ismael Roca Meliá.
260 _aMadrid :
_b[La Editorial Católica],
_c1971.
300 _aVIII, 545 p., 1 h. ;
_c20 cm.
490 1 _aBiblioteca de autores cristianos ;
_v321
490 1 _aSantos Padres Españoles ;
_v2
546 _aTexto latino y traducción en español.
700 1 _aFructuoso
_c, Santo.
_9140111
700 0 _aIsidoro de Sevilla,
_cSanto.
_9176281
700 0 _aLeandro,
_cSanto, Arzobispo de Sevilla.
_9139609
700 1 _aCampos Ruiz, Julio.
_9140049
700 1 _aRoca Meliá, Ismael.
_998003
830 0 0 _aBiblioteca de autores cristianos
_v321
_9178679
830 0 _aSantos Padres Españoles ;
_v2
_9189018
852 _aES-MaACL
_jJ-314
_9R.46092
999 _c171387
_d171387